[Event "Girona op 5th"]
[Site "Girona"]
[Date "2014.07.18"]
[Round "4"]
[White "Granados Aguilera, Cristian"]
[Black "Arribas Viera, David"]
[Result "1-0"]
[WhiteElo "2014"]
[BlackElo "1875"]
[PlyCount "71"]
[EventDate "2014.07.15"]
[EventType "swiss"]
[EventRounds "9"]
[EventCountry "ESP"]
[SourceTitle "EXT 2016"]
[Source "ChessBase"]
[SourceDate "2015.10.08"]
[SourceVersion "1"]
[SourceVersionDate "2015.10.08"]
[SourceQuality "1"]

1. e4 c5 2. Nf3 e6 3. d4 cxd4 4. Nxd4 a6 5. Nc3 d6 6. Bc4 Nf6 7. 0-0 Be7 8. Be3 0-0 9. f4 Qc7 10. Qe2 Nc6 11. Rad1 b5 12. Bd3 Bb7 13. Nxc6 Bxc6 14. Bd4 e5 15. Be3 Qb7 16. Qf3 Kh8 17. fxe5 dxe5 18. a3 b4 19. axb4 Bxb4 20. Bg5 Nd7 21. Nd5 f6 22. Be3 Nc5 23. Bc4 Nd7 24. Qf2 Rab8 25. c3 Ba5 26. Ra1 Bb5 27. Bxb5 Qxb5 28. b4 Bb6 29. Nxb6 Nxb6 30. Ra5 Qc4 31. Bxb6 Qxe4 32. Qe3 Qc4 33. Rd1 Qg4 34. Rad5 Rbc8 35. Ba5 Rfe8 36. Rd7 1-0

[Event "Llinars del Valles op-B 8th"]
[Site "Llinars del Valles"]
[Date "2014.06.21"]
[Round "8"]
[White "Garcia Palomeras, Moises"]
[Black "Granados Aguilera, Cristian"]
[Result "0-1"]
[WhiteElo "1834"]
[BlackElo "1987"]
[PlyCount "74"]
[EventDate "2014.04.26"]
[EventType "swiss"]
[EventRounds "8"]
[EventCountry "ESP"]
[SourceTitle "EXT 2018"]
[Source "ChessBase"]
[SourceDate "2017.10.13"]
[SourceVersion "1"]
[SourceVersionDate "2017.10.13"]
[SourceQuality "1"]

1. d4 Nf6 2. Nf3 e6 3. Bg5 d5 4. e3 Be7 5. Bd3 h6 6. Bf4 Nbd7 7. Nbd2 b6 8. c3 Bb7 9. Qc2 c5 10. Qd1 0-0 11. Ne5 Nxe5 12. Bxe5 Bd6 13. f4 Bxe5 14. fxe5 Ne4 15. 0-0 Qg5 16. Rf3 f5 17. Rf4 Qe7 18. Bxe4 fxe4 19. Qg4 Ba6 20. Re1 cxd4 21. exd4 Rxf4 22. Qxf4 Rf8 23. Qe3 Qf7 24. c4 dxc4 25. Rf1 Qe7 26. Rxf8+ Qxf8 27. Qxe4 Qb4 28. Qc2 b5 29. Kf2 Bb7 30. Qc3 Qxc3 31. bxc3 a5 32. g3 Bd5 33. a3 b4 34. axb4 axb4 35. Ke3 bxc3 36. Nf1 Bg2 37. d5 exd5 0-1

[Event "Figueres 3rd op"]
[Site "Figueres"]
[Date "2013.12.20"]
[Round "4"]
[White "Granados Aguilera, Cristian"]
[Black "Ruiz Munoz, Jose Carlos"]
[Result "1-0"]
[WhiteElo "1684"]
[BlackElo "1765"]
[PlyCount "81"]
[EventDate "2013.12.19"]
[EventType "swiss"]
[EventRounds "8"]
[EventCountry "ESP"]
[SourceTitle "EXT 2024"]
[Source "ChessBase"]
[SourceDate "2023.10.10"]
[SourceVersion "1"]
[SourceVersionDate "2023.10.10"]
[SourceQuality "1"]

1. d4 Nf6 2. Nf3 g6 3. Bf4 d6 4. h3 Bg7 5. e3 0-0 6. Be2 b6 7. 0-0 Ba6 8. Bxa6 Nxa6 9. Qe2 Nb4 10. a3 Nbd5 11. Bh2 Ne4 12. Nbd2 f5 13. Qc4 e6 14. Nxe4 fxe4 15. Nd2 Qe7 16. Nxe4 Rf7 17. Qe2 a5 18. c4 Nf6 19. Nxf6+ Qxf6 20. Rac1 Qh4 21. c5 bxc5 22. dxc5 d5 23. Qb5 Qd8 24. Qc6 Bxb2 25. Rc2 Bxa3 26. Qxe6 Qd7 27. Qxd7 Rxd7 28. Rd1 c6 29. e4 Re8 30. f3 Red8 31. Bd6 dxe4 32. Ra1 Bb4 33. fxe4 Rf7 34. Rf1 Rdd7 35. Rxf7 Rxf7 36. e5 a4 37. Rc4 Rb7 38. e6 g5 39. Rc2 Ra7 40. e7 Ra8 41. Rf2 1-0

[Event "Girona Territorial-ch"]
[Site "Girona"]
[Date "2013.10.13"]
[Round "3"]
[White "Granados Aguilera, Cristian"]
[Black "Alonso Mediavilla, Carlos Omar"]
[Result "1/2-1/2"]
[WhiteElo "1614"]
[BlackElo "1857"]
[PlyCount "32"]
[EventDate "2013.09.22"]
[EventType "swiss"]
[EventRounds "9"]
[EventCountry "ESP"]
[SourceTitle "EXT 2015"]
[Source "ChessBase"]
[SourceDate "2014.11.20"]
[SourceVersion "1"]
[SourceVersionDate "2014.11.20"]
[SourceQuality "1"]

1. d4 d5 2. Nf3 Nf6 3. Bf4 e6 4. e3 c5 5. c3 Nc6 6. Nbd2 Be7 7. Bd3 0-0 8. Ne5 c4 9. Bc2 Nd7 10. h4 f5 11. g4 Nf6 12. g5 Ne4 13. Qh5 Nxe5 14. Bxe5 Qe8 15. Qxe8 Rxe8 16. Ba4 Rf8 1/2-1/2

[Event "Girona op-B 3rd"]
[Site "Girona"]
[Date "2012.07.17"]
[Round "2"]
[White "Granados Aguilera, Cristian"]
[Black "Bosch Peracaula, Miquel"]
[Result "1-0"]
[WhiteElo "1334"]
[BlackElo "1543"]
[PlyCount "55"]
[EventDate "2012.07.16"]
[EventType "swiss"]
[EventRounds "9"]
[EventCountry "ESP"]
[SourceTitle "CBM 149 Extra"]
[Source "ChessBase"]
[SourceDate "2012.08.24"]
[SourceVersion "1"]
[SourceVersionDate "2012.08.24"]
[SourceQuality "1"]

1. e4 d6 2. d4 g6 3. Nc3 Bg7 4. Be3 c6 5. Qd2 Nf6 6. f3 b5 7. 0-0-0 a5 8. d5 b4 9. Na4 c5 10. b3 0-0 11. g4 Nbd7 12. Nb2 Nb6 13. h4 a4 14. Kb1 axb3 15. axb3 Nfd7 16. h5 Ne5 17. Bh6 Ba6 18. Bxg7 Kxg7 19. hxg6 fxg6 20. Qh6+ Kf7 21. Bxa6 Rxa6 22. Qxh7+ Ke8 23. Qg7 Qa8 24. Kc1 Ra1+ 25. Kd2 Nxf3+ 26. Nxf3 Rxd1+ 27. Nxd1 Nxd5 28. Rh8 1-0

[Event "Llinars del Valles op-B 6th"]
[Site "Llinars del Valles"]
[Date "2012.04.28"]
[Round "3"]
[White "Granados Aguilera, Cristian"]
[Black "Sanchez Quesada, Francesco Xavier"]
[Result "1-0"]
[WhiteElo "1323"]
[BlackElo "1478"]
[PlyCount "87"]
[EventDate "2012.04.14"]
[EventType "swiss"]
[EventRounds "9"]
[EventCountry "ESP"]
[SourceTitle "EXT 2013"]
[Source "ChessBase"]
[SourceDate "2012.11.22"]
[SourceVersion "1"]
[SourceVersionDate "2012.11.22"]
[SourceQuality "1"]

1. e4 c5 2. Nf3 d6 3. d4 cxd4 4. Nxd4 Nf6 5. Nc3 g6 6. Be3 Bg7 7. f3 0-0 8. Qd2 Nc6 9. 0-0-0 Bd7 10. g4 Rc8 11. h4 h5 12. g5 Ne8 13. Kb1 e6 14. Nxc6 Bxc6 15. Bd4 Bxd4 16. Qxd4 Qa5 17. Qd2 b5 18. Nxb5 Qxd2 19. Rxd2 Bxb5 20. Bxb5 Nc7 21. Be2 Rfd8 22. Rhd1 d5 23. c4 Rd6 24. cxd5 exd5 25. exd5 Rcd8 26. Bc4 Kg7 27. a4 a5 28. Kc2 Rb8 29. b3 Re8 30. Rd4 Re3 31. R4d3 Rxd3 32. Rxd3 f6 33. f4 Kf7 34. Kc3 fxg5 35. fxg5 Ke7 36. Re3+ Kd7 37. Kd4 Kd8 38. Rf3 Ke7 39. Ke5 Ne8 40. Bb5 Ng7 41. Rf6 Nf5 42. Rxd6 Nxd6 43. Bd3 Nf5 44. Bxf5 1-0